000 00412nam a2200157 a 4500
001 7264
003 CO-ViMGA
008 141112s2004 ck r 000 u spa d
040 _aCO-ViMGA
_bspa
_cCO-ViMGA
082 0 4 _a725.8 E721
245 1 0 _aEscala :
_bCentros culturales
260 _aBogotá :
_bEscala,
_c1997 -
300 _a100 p : il
650 1 4 _aCENTROS CULTURALES - ARQUITECTURA
_96442
942 _2ddc
_cBK
999 _c19223
_d19223